Teorie vs. praxe v oboru kovových, dřevěných a ocelobetonových konstrukcí a mostů : workshop s exkurzí, 11. dubna 2014, FIRESTA - Fišer, rekonstrukce, stavby, a.s., Brno : sborník příspěvků a fotodokumentace /

Korporativní autor: Firesta (firma)
Další autoři: Teorie vs. praxe v oboru kovových, dřevěných a ocelobetonových konstrukcí a mostů (workshop), Štrba, Michal, 1978-
Jazyk: Čeština
Vydáno: Brno : Vysoké učení technické v Brně, 2014
Vydání: 1. vyd.
Témata:
Fyzický popis: 97 s. : il. (převážně barev.) ; 30 cm
Knihy
Uloženo v:
LEADER 01668nam a2200385 a 4500
001 nkc20142593896
003 CZ PrNK
005 20140807070027.0
007 ta
008 140604s2014 xr a f 100 0 cze
015 |a cnb002593896 
020 |a 978-80-214-4956-5  |q (brož.) 
035 |a (OCoLC)886605079 
040 |a OLA001  |b cze 
072 7 |a 624  |x Stavební inženýrství  |2 Konspekt  |9 19 
080 |a 624.01/.07  |2 MRF 
080 |a (062.534)  |2 MRF 
111 2 |a Teorie vs. praxe v oboru kovových, dřevěných a ocelobetonových konstrukcí a mostů (workshop)  |d (2014 :  |c Brno, Česko)  |7 olak2014824385 
245 1 0 |a Teorie vs. praxe v oboru kovových, dřevěných a ocelobetonových konstrukcí a mostů :  |b workshop s exkurzí, 11. dubna 2014, FIRESTA - Fišer, rekonstrukce, stavby, a.s., Brno : sborník příspěvků a fotodokumentace /  |c editoval Michal Štrba 
250 |a 1. vyd. 
260 |a Brno :  |b Vysoké učení technické v Brně,  |c 2014 
300 |a 97 s. :  |b il. (převážně barev.) ;  |c 30 cm 
500 |a 50 výt. 
650 0 7 |a stavební konstrukce  |7 ph116279  |2 czenas 
650 0 9 |a structures  |2 eczenas 
655 7 |a sborníky konferencí  |7 fd133333  |2 czenas 
655 9 |a proceedings of conferences  |2 eczenas 
700 1 |a Štrba, Michal,  |d 1978-  |7 jo2011668901  |4 edt 
710 2 |a Firesta (firma)  |7 kn20140625007 
910 2 |a BOA001  |b 4-1331.049 
990 |a BK 
995 |a 01 
991 |b 201408  |c NOV  |j 624 TEO  |e n 
996 6 |b 2610600311  |c 4-1331.049  |l MZK  |r Sklad / do 1 hodiny  |n 0  |p p.v.  |w 001444180  |u 000010  |a 1  |e BOA001  |j MZK50  |s P 
996 7 |b 2610600312  |c 4-1331.049  |l MZK  |r Sklad / do 1 hodiny  |n 1  |p p.v.  |w 001444180  |u 000020  |a 1  |e BOA001  |j MZK50  |s A